Normal view
MARC view
- O'Donnell, . J Adam, Pennington, Bill, Pollino, DAVID
Entry Corporate Name
001 - CONTROL NUMBER
- control field: 123976
003 - CONTROL NUMBER IDENTIFIER
- control field: NUST
005 - DATE AND TIME OF LATEST TRANSACTION
- control field: 20240701182951.0
008 - FIXED-LENGTH DATA ELEMENTS
- fixed length control field: 240701|| aca||aabn | a|a d
040 ## - CATALOGING SOURCE
- Original cataloging agency: NUST
- Transcribing agency: NUST
110 ## - HEADING--CORPORATE NAME
- Corporate name or jurisdiction name as entry element: O'Donnell, . J Adam, Pennington, Bill, Pollino, DAVID
670 ## - SOURCE DATA FOUND
- Source citation: Work cat.: (NUST): SCHIFFMAN, .D. Mike, 123975, HACKER'S CHALLENGE: Test your Network Security & Forensic Skills, 2003.
